00355nam a2200121 a 45000010005000000030005000050050017000100080041000270400020000682450110000882600026001983000009002243781CDMR20130301103111.0130130s1982||||||||||||||||||||||||||||d aCDMRbcatcCDMR00aWorld press encyclopediacedited by George Thomas Kurian ; indexed by Marjorie B. Bank, and James Johnson aLondonc1982bMansell a2 v.